Santa fe de Bogotá (Registro nro. 18946)

Detalles MARC
000 -CABECERA
Campo de control 00786nam a22002657a 4500
005 - FECHA Y HORA DE LA ULTIMA TRANSACCION
Campo de control 20160801152746.0
008 - ELEMENTOS DE LONGITUD FIJA—INFORMACION GENERAL
Campo de control 160801b xxu||||| |||| 00| 0 spa d
020 ## - ISBN
ISBN 9303013
040 ## - FUENTE DE CATALOGACIÓN
Agencia catalogadora original CO-BoIAVH
Agencia transcriptora CO-BoIAVH
041 ## - IDIOMA
Código de idioma para texto/pista de sonido o título separado Español
044 ## - PAÍS DE PUBLICACIÓN
País de publicación Colombia
082 ## - NUMERO DE CLASIFICACION DECIMAL DEWEY
Número de clasificación 333.72
Número del ítem M72s
100 ## - ASIENTO PRINCIPAL--NOMBRE PERSONAL
Nombre personal Molina, Luis Fernando
9 (RLIN) 73811
245 10 - MENCION DE TITULO
Título Santa fe de Bogotá
Parte restante del título Guía Ambiental
260 ## - PUBLICACION, DISTRIBUCION, ETC. (PIE DE IMPRENTA)
Lugar de publicación, distribución, etc. Bogotá:
Nombre del editor, distribuidor, etc. S.I,
Fecha de publicación, distribución, etc. 1992.
300 ## - DESCRIPCION FISICA
Extensión 103 Paginas
Dimensiones 18 x 10 cm
650 14 - ASIENTO SECUNDARIO DE MATERIA - TERMINO TEMATICO
Término temático o nombre geográfico como elemento de entrada Contaminación
Subdivisión geográfica Bogotá
9 (RLIN) 73812
650 14 - ASIENTO SECUNDARIO DE MATERIA - TERMINO TEMATICO
Término temático o nombre geográfico como elemento de entrada Oxigenación
Subdivisión geográfica Bogotá
9 (RLIN) 73813
650 14 - ASIENTO SECUNDARIO DE MATERIA - TERMINO TEMATICO
Término temático o nombre geográfico como elemento de entrada Fauna
Subdivisión geográfica Bogotá
9 (RLIN) 73814
650 14 - ASIENTO SECUNDARIO DE MATERIA - TERMINO TEMATICO
Término temático o nombre geográfico como elemento de entrada Recursos Naturales
Subdivisión geográfica Bogotá
9 (RLIN) 73815
650 14 - ASIENTO SECUNDARIO DE MATERIA - TERMINO TEMATICO
Término temático o nombre geográfico como elemento de entrada Biodiversidad
Subdivisión geográfica Bogotá
9 (RLIN) 73816
700 ## - ASIENTO SECUNDARIO - NOMBRE PERSONAL
Nombre personal Sanchez, Gabriel Jaime
9 (RLIN) 73817
700 ## - ASIENTO SECUNDARIO - NOMBRE PERSONAL
Nombre personal Gonzales, Mauricio
9 (RLIN) 73818
942 ## - ELEMENTOS ADICIONALES (KOHA)
Sistema de clasificación Dewey Decimal Classification
Tipo de ítem Libro
Existencias
Withdrawn status Lost status Sistema de Clasificación Damaged status No para préstamo Colección Inventariado Ubicación Permanente Ubicación actual Fecha de adquisición Fuente de Valor Valor Total Checkouts Número topográfico Inventario / Código de Barras Date last seen Ejemplar Price effective from Forma de adquisición Tipo de material
    Dewey Decimal Classification     General Inventariado 2017 Bogotá Bogotá 01/08/2016 Instituto 39000.00   LB-333.72 M72s 039781 01/08/2016 Ej. 1 01/08/2016 Donación Libro